| 000 | 01028cam a2200277 a 4500 | ||
|---|---|---|---|
| 999 |
_c599 _d599 |
||
| 001 | 88685 | ||
| 003 | GBCCL | ||
| 005 | 20241126110341.0 | ||
| 008 | 790427s1978 ilu 001 0 eng d | ||
| 010 | _z78-68102 | ||
| 020 | _a0842383905 | ||
| 035 | _a(OCoLC)ocm04904153 | ||
| 040 |
_aPKT _cPKT _dOCL |
||
| 049 |
_aLBBN _aLBBA |
||
| 082 | 0 |
_a225.4047 _bWOR |
|
| 090 |
_aBS2085 1978 _b.P37 |
||
| 130 | 0 |
_aBible. _pN.T. _lEnglish. _sAuthorized. _f1978. _917346 |
|
| 245 | 1 | 4 |
_aThe word study New Testament : _bcontaining the numbering system to the Word Study concordance and the Key number index to standard reference works : based on the Authorized version of the Holy Bible / _cedited by Ralph D. Winter and Roberta H. Winter. |
| 260 |
_aWheaton, Ill. : _bTyndale House Publishers, _cc1978. |
||
| 300 |
_aviii, 840 p. ; _c24 cmm. |
||
| 500 | _aIncludes index. | ||
| 700 | 1 |
_aWinter, Ralph D. _93801 |
|
| 700 | 1 |
_aWinter, Roberta H. _917347 |
|
| 700 | 1 |
_aWigram, George V. _tThe word study concordance. _917348 |
|
| 942 |
_2ddc _cREF _01 |
||